[Event "WCO2014"]
[Site "Tromso"]
[Date "2014.08.12"]
[Round "10.2"]
[WhiteID "7900970"]
[White "Mezioud Amina"]
[BlackID "3503950"]
[Black "Marrero Lopez Yaniet"]
[Result "1-0"]
[LiveChessVersion "1.4.3"]
[BlackElo "2324"]
[WhiteElo "2052"]

1. e4 {[%clk 1:30:50]} e5 {[%clk 1:30:52]} 2. Nf3 {[%clk 1:31:14]} Nc6
{[%clk 1:31:15]} 3. Bb5 {[%clk 1:31:40]} a6 {[%clk 1:31:39]} 4. Ba4
{[%clk 1:32:06]} Nf6 {[%clk 1:32:05]} 5. Qe2 {[%clk 1:32:25]} b5 {[%clk 1:32:15]}
6. Bb3 {[%clk 1:32:49]} Be7 {[%clk 1:32:04]} 7. c3 {[%clk 1:32:45]} O-O
{[%clk 1:32:23]} 8. O-O {[%clk 1:33:10]} d5 {[%clk 1:32:40]} 9. d3
{[%clk 1:29:30]} Be6 {[%clk 1:31:51]} 10. Rd1 {[%clk 1:28:01]} d4
{[%clk 1:26:30]} 11. Nbd2 {[%clk 1:21:37]} Qd7 {[%clk 1:19:45]} 12. Nf1
{[%clk 1:19:53]} a5 {[%clk 1:19:12]} 13. Bc2 {[%clk 1:13:11]} a4 {[%clk 1:13:58]}
14. a3 {[%clk 1:10:46]} h6 {[%clk 1:10:37]} 15. Ng3 {[%clk 1:10:37]} Nh7
{[%clk 1:08:47]} 16. h3 {[%clk 1:03:06]} Ng5 {[%clk 1:06:56]} 17. Nh2
{[%clk 0:59:40]} Rfe8 {[%clk 0:47:35]} 18. Qh5 {[%clk 0:54:00]} Nh7
{[%clk 0:41:34]} 19. Rf1 {[%clk 0:52:11]} Bg5 {[%clk 0:32:27]} 20. f4
{[%clk 0:48:33]} exf4 {[%clk 0:29:20]} 21. Bxf4 {[%clk 0:48:49]} Nf6
{[%clk 0:27:15]} 22. Qe2 {[%clk 0:45:07]} Bxf4 {[%clk 0:27:11]} 23. Rxf4
{[%clk 0:45:30]} Qd6 {[%clk 0:27:04]} 24. Raf1 {[%clk 0:41:18]} dxc3
{[%clk 0:22:06]} 25. bxc3 {[%clk 0:41:17]} Qc5+ {[%clk 0:22:19]} 26. Kh1
{[%clk 0:40:29]} Qxc3 {[%clk 0:22:12]} 27. Bb1 {[%clk 0:26:43]} Nd4
{[%clk 0:19:08]} 28. Qe3 {[%clk 0:25:54]} Nd7 {[%clk 0:14:24]} 29. Ng4
{[%clk 0:12:35]} Bxg4 {[%clk 0:13:45]} 30. Rxg4 {[%clk 0:12:58]} Ra6
{[%clk 0:12:12]} 31. e5 {[%clk 0:12:15]} c5 {[%clk 0:10:57]} 32. Ne4
{[%clk 0:10:17]} Qb3 {[%clk 0:07:34]} 33. Nxc5 {[%clk 0:09:18]} Nxc5
{[%clk 0:05:49]} 34. Qxd4 {[%clk 0:09:41]} Ne6 {[%clk 0:04:22]} 35. Qf2
{[%clk 0:09:52]} Re7 {[%clk 0:02:18]} 36. Ba2 {[%clk 0:07:46]} Qxa3
{[%clk 0:02:28]} 37. Qf6 {[%clk 0:07:11]} Kf8 {[%clk 0:01:56]} 38. Qf2
{[%clk 0:04:05]} Rc6 {[%clk 0:01:09]} 39. Bxe6 {[%clk 0:03:41]} Rcxe6
{[%clk 0:01:31]} 40. Rd4 {[%clk 0:03:41]} Kg8 {[%clk 0:01:28]} 41. Rd8+
{[%clk 0:03:15]} Kh7 {[%clk 0:01:55]} 42. Qf5+ {[%clk 0:02:02]} g6
{[%clk 0:27:31]} 43. Qxf7+ {[%clk 0:33:12]} 1-0

[Event "WCO2014"]
[Site "Tromso"]
[Date "2014.08.12"]
[Round "10.3"]
[WhiteID "3507041"]
[White "Vigoa Apecheche Yanira"]
[BlackID "7901798"]
[Black "Latreche Sabrina"]
[Result "1-0"]
[LiveChessVersion "1.4.3"]
[BlackElo "1972"]
[WhiteElo "2317"]

1. d4 {[%clk 1:30:58]} c5 {[%clk 1:30:32]} 2. d5 {[%clk 1:31:01]} d6
{[%clk 1:30:55]} 3. c4 {[%clk 1:30:52]} Nf6 {[%clk 1:30:49]} 4. Nc3
{[%clk 1:31:16]} g6 {[%clk 1:30:51]} 5. e4 {[%clk 1:31:41]} Bg7 {[%clk 1:30:56]}
6. Be2 {[%clk 1:31:42]} O-O {[%clk 1:30:20]} 7. Bg5 {[%clk 1:32:06]} e5
{[%clk 1:22:39]} 8. Qd2 {[%clk 1:30:30]} Bd7 {[%clk 1:16:30]} 9. h4
{[%clk 1:29:56]} Na6 {[%clk 1:09:52]} 10. f3 {[%clk 1:25:39]} Nc7
{[%clk 1:04:07]} 11. g4 {[%clk 1:25:42]} Rb8 {[%clk 1:02:01]} 12. h5
{[%clk 1:10:24]} b5 {[%clk 1:01:15]} 13. b3 {[%clk 1:04:39]} bxc4
{[%clk 1:01:16]} 14. bxc4 {[%clk 1:01:07]} Rb6 {[%clk 0:57:50]} 15. Bd3
{[%clk 1:00:32]} Qb8 {[%clk 0:55:51]} 16. Qh2 {[%clk 1:00:33]} Rb2
{[%clk 0:54:50]} 17. Nge2 {[%clk 1:00:51]} Nce8 {[%clk 0:51:25]} 18. Bc1
{[%clk 1:00:20]} Rb7 {[%clk 0:50:37]} 19. Ng3 {[%clk 1:00:16]} Nc7
{[%clk 0:42:04]} 20. g5 {[%clk 0:54:50]} Nfe8 {[%clk 0:41:57]} 21. hxg6
{[%clk 0:47:44]} fxg6 {[%clk 0:42:19]} 22. Qxh7+ {[%clk 0:47:16]} Kf7
{[%clk 0:42:44]} 23. Rh6 {[%clk 0:47:09]} Ke7 {[%clk 0:39:02]} 24. Rxg6
{[%clk 0:44:25]} Rxf3 {[%clk 0:38:04]} 25. Nf5+ {[%clk 0:42:15]} Kd8
{[%clk 0:36:40]} 26. Ke2 {[%clk 0:20:49]} Bxf5 {[%clk 0:32:49]} 27. Kxf3
{[%clk 0:19:37]} Bxg6 {[%clk 0:32:45]} 28. Qxg6 {[%clk 0:20:01]} Rb2
{[%clk 0:31:05]} 29. Nb5 {[%clk 0:15:30]} Rh2 {[%clk 0:29:45]} 30. Kg3
{[%clk 0:11:55]} Rh1 {[%clk 0:29:31]} 31. Kg2 {[%clk 0:09:13]} Rh4
{[%clk 0:23:35]} 32. Qf5 {[%clk 0:06:54]} Nxb5 {[%clk 0:22:49]} 33. Rb1
{[%clk 0:05:39]} Qc7 {[%clk 0:22:28]} 34. Rxb5 {[%clk 0:05:58]} Rh8
{[%clk 0:19:27]} 35. Bd2 {[%clk 0:05:48]} Qc8 {[%clk 0:15:55]} 36. Qxc8+
{[%clk 0:04:18]} Kxc8 {[%clk 0:16:21]} 37. Be2 {[%clk 0:04:38]} Rh4
{[%clk 0:16:11]} 38. Bf3 {[%clk 0:04:16]} Nc7 {[%clk 0:14:22]} 39. Rb1
{[%clk 0:04:12]} Na8 {[%clk 0:13:45]} 40. Kg3 {[%clk 0:04:17]} Rh8
{[%clk 0:14:10]} 41. Bg4+ {[%clk 0:02:22]} Kc7 {[%clk 0:14:35]} 42. Ba5+
{[%clk 0:02:20]} Nb6 {[%clk 0:15:00]} 43. Rf1 {[%clk 0:02:14]} Rf8
{[%clk 0:14:22]} 44. Rh1 {[%clk 0:01:59]} Rh8 {[%clk 0:14:15]} 45. Rxh8
{[%clk 0:01:50]} Bxh8 {[%clk 0:14:41]} 46. Kh4 {[%clk 0:02:16]} Kd8
{[%clk 0:14:01]} 47. Kh5 {[%clk 0:02:27]} Ke7 {[%clk 0:13:48]} 48. Bxb6
{[%clk 0:02:50]} axb6 {[%clk 0:14:07]} 49. Kg6 {[%clk 0:02:50]} Kf8
{[%clk 0:14:30]} 50. Kh7 {[%clk 0:03:13]} Bg7 {[%clk 0:14:50]} 51. a4
{[%clk 0:03:15]} Kf7 {[%clk 0:14:35]} 52. Bh5+ {[%clk 0:03:26]} Kf8
{[%clk 0:14:40]} 53. Bg6 {[%clk 0:03:44]} 1-0

[Event "WCO2014"]
[Site "Tromso"]
[Date "2014.08.12"]
[Round "10.4"]
[WhiteID "7901631"]
[White "Toubal Hayat"]
[BlackID "3501418"]
[Black "Arribas Robaina Maritza"]
[Result "0-1"]
[LiveChessVersion "1.4.3"]
[BlackElo "2291"]
[WhiteElo "1938"]

1. d4 {[%clk 1:30:55]} Nf6 {[%clk 1:31:13]} 2. Nf3 {[%clk 1:31:26]} g6 3. Bf4
{[%clk 1:31:33]} Bg7 {[%clk 1:31:25]} 4. e3 {[%clk 1:31:48]} d6 5. h3 c5
{[%clk 1:30:41]} 6. c3 {[%clk 1:31:41]} cxd4 {[%clk 1:30:48]} 7. exd4
{[%clk 1:25:54]} O-O {[%clk 1:30:44]} 8. Bc4 {[%clk 1:22:23]} Nc6
{[%clk 1:28:06]} 9. O-O {[%clk 1:20:50]} Bf5 {[%clk 1:26:59]} 10. Nbd2
{[%clk 1:18:21]} Rc8 {[%clk 1:26:38]} 11. Bb3 {[%clk 1:00:29]} Na5
{[%clk 1:20:35]} 12. Bc2 {[%clk 0:52:09]} Bxc2 {[%clk 1:20:23]} 13. Qxc2
{[%clk 0:52:32]} Qd7 {[%clk 1:18:29]} 14. Rfe1 {[%clk 0:48:33]} Rfe8
{[%clk 1:18:18]} 15. Rad1 {[%clk 0:47:36]} Nd5 {[%clk 1:17:23]} 16. Bh2
{[%clk 0:47:50]} Qb5 {[%clk 1:14:20]} 17. Qe4 {[%clk 0:40:04]} Nf6
{[%clk 1:06:15]} 18. Qc2 {[%clk 0:38:55]} Bh6 {[%clk 1:04:03]} 19. Ne4
{[%clk 0:34:21]} Nxe4 {[%clk 1:00:32]} 20. Rxe4 {[%clk 0:34:10]} Nc4
{[%clk 0:59:48]} 21. Re2 {[%clk 0:29:51]} Nb6 {[%clk 0:52:34]} 22. Rde1
{[%clk 0:27:36]} Nd5 {[%clk 0:49:29]} 23. Qe4 {[%clk 0:25:25]} Bg7
{[%clk 0:45:19]} 24. Qb1 {[%clk 0:21:40]} Qd7 {[%clk 0:41:23]} 25. Qe4
{[%clk 0:19:34]} Nf6 {[%clk 0:40:19]} 26. Qd3 {[%clk 0:18:59]} b5
{[%clk 0:40:02]} 27. Kh1 {[%clk 0:15:38]} a5 {[%clk 0:39:50]} 28. Kg1
{[%clk 0:12:50]} e6 {[%clk 0:38:18]} 29. Re3 {[%clk 0:08:08]} Qc6
{[%clk 0:36:01]} 30. Nd2 {[%clk 0:06:53]} Red8 {[%clk 0:31:43]} 31. Nb3
{[%clk 0:04:55]} a4 {[%clk 0:31:37]} 32. Nd2 {[%clk 0:04:53]} e5 {[%clk 0:31:09]}
33. dxe5 {[%clk 0:02:11]} dxe5 {[%clk 0:30:59]} 34. Qe2 {[%clk 0:01:52]} Nd5
{[%clk 0:26:56]} 35. Rf3 {[%clk 0:01:41]} f5 {[%clk 0:25:18]} 36. h4
{[%clk 0:01:11]} e4 {[%clk 0:23:18]} 37. Rh3 {[%clk 0:01:27]} a3 {[%clk 0:23:20]}
38. c4 {[%clk 0:01:24]} bxc4 {[%clk 0:23:15]} 39. bxa3 {[%clk 0:01:09]} Nc3
{[%clk 0:21:54]} 40. Qe3 {[%clk 0:00:42]} Rd3 {[%clk 0:21:21]} 41. Qf4
{[%clk 0:30:37]} Nd5 {[%clk 0:50:58]} 42. Qd6 {[%clk 0:26:03]} Qxd6
{[%clk 0:48:39]} 43. Bxd6 {[%clk 0:26:28]} Rxd2 {[%clk 0:48:59]} 0-1

[Event "WCO2014"]
[Site "Tromso"]
[Date "2014.08.12"]
[Round "10.17"]
[WhiteID "1700030"]
[White "Cramling Pia"]
[BlackID "4500512"]
[Black "Narva Mai"]
[Result "1-0"]
[LiveChessVersion "1.4.3"]
[BlackElo "2205"]
[WhiteElo "2500"]

1. Nf3 {[%clk 1:30:51]} Nf6 {[%clk 1:30:47]} 2. c4 {[%clk 1:30:27]} e6
{[%clk 1:31:06]} 3. g3 {[%clk 1:30:47]} d5 {[%clk 1:31:06]} 4. Bg2
{[%clk 1:30:45]} Be7 {[%clk 1:25:26]} 5. O-O {[%clk 1:30:35]} O-O
{[%clk 1:25:31]} 6. b3 {[%clk 1:25:48]} c5 {[%clk 1:24:14]} 7. e3
{[%clk 1:18:31]} Nc6 {[%clk 1:19:58]} 8. Bb2 {[%clk 1:18:03]} Qb6
{[%clk 1:18:39]} 9. Qe2 {[%clk 1:02:27]} Rd8 {[%clk 1:15:17]} 10. d3
{[%clk 0:54:41]} Qc7 {[%clk 1:05:40]} 11. Nc3 {[%clk 0:45:16]} a6
{[%clk 1:04:08]} 12. Rac1 {[%clk 0:44:42]} d4 {[%clk 0:48:32]} 13. exd4
{[%clk 0:44:58]} cxd4 {[%clk 0:47:37]} 14. Nb1 {[%clk 0:43:57]} e5
{[%clk 0:44:35]} 15. Rfe1 {[%clk 0:43:17]} Bb4 {[%clk 0:40:53]} 16. Nbd2
{[%clk 0:42:45]} Qd6 {[%clk 0:38:14]} 17. c5 {[%clk 0:32:23]} Qf8
{[%clk 0:35:43]} 18. Qd1 {[%clk 0:27:14]} Bg4 {[%clk 0:11:24]} 19. h3
{[%clk 0:20:22]} Bh5 {[%clk 0:09:42]} 20. g4 {[%clk 0:12:07]} Bg6
{[%clk 0:10:07]} 21. Nxe5 {[%clk 0:12:18]} Nxe5 {[%clk 0:10:23]} 22. Rxe5
{[%clk 0:12:46]} Nd7 {[%clk 0:10:06]} 23. Nc4 {[%clk 0:11:30]} Nxe5
{[%clk 0:05:04]} 24. Nxe5 {[%clk 0:11:58]} Qe7 {[%clk 0:04:19]} 25. Nxg6
{[%clk 0:08:52]} hxg6 {[%clk 0:03:34]} 26. c6 {[%clk 0:09:08]} bxc6
{[%clk 0:03:19]} 27. Rxc6 {[%clk 0:09:30]} Rdc8 {[%clk 0:01:03]} 28. Bxd4
{[%clk 0:08:18]} Rxc6 {[%clk 0:00:59]} 29. Bxc6 {[%clk 0:08:45]} Rd8
{[%clk 0:01:02]} 30. Be3 {[%clk 0:08:18]} Qe5 {[%clk 0:00:37]} 31. d4
{[%clk 0:06:52]} Qd6 {[%clk 0:01:01]} 32. Qf3 {[%clk 0:06:15]} Rc8
{[%clk 0:00:42]} 33. Bd5 {[%clk 0:06:08]} Qd7 {[%clk 0:00:46]} 34. Bc4
{[%clk 0:04:13]} a5 {[%clk 0:00:56]} 35. a4 {[%clk 0:04:32]} Bc3 {[%clk 0:00:45]}
36. Qf4 {[%clk 0:03:40]} Rd8 {[%clk 0:00:37]} 37. d5 {[%clk 0:03:38]} Qd6
{[%clk 0:00:53]} 38. Qe4 {[%clk 0:03:46]} Be5 {[%clk 0:00:44]} 39. Bd2
{[%clk 0:03:51]} Ra8 {[%clk 0:00:53]} 40. Kg2 {[%clk 0:03:55]} Ra7
{[%clk 0:00:39]} 41. Qe1 {[%clk 0:25:44]} Qc7 {[%clk 0:27:46]} 42. Bb5
{[%clk 0:23:32]} Bd6 {[%clk 0:26:15]} 43. Bc3 {[%clk 0:21:06]} Kh7
{[%clk 0:10:37]} 44. Qe3 {[%clk 0:14:37]} Ra8 {[%clk 0:07:06]} 45. Qd4
{[%clk 0:08:07]} f6 {[%clk 0:05:04]} 46. Bd2 {[%clk 0:07:45]} Be5
{[%clk 0:03:17]} 47. Qe4 {[%clk 0:08:00]} Qf7 {[%clk 0:02:44]} 48. d6
{[%clk 0:06:19]} Rf8 {[%clk 0:02:12]} 49. d7 {[%clk 0:05:38]} Bc7
{[%clk 0:02:25]} 50. Qd3 {[%clk 0:01:03]} Qe7 {[%clk 0:01:31]} 51. Qd5
{[%clk 0:00:54]} Rd8 {[%clk 0:00:33]} 52. Bc3 {[%clk 0:00:57]} Rb8
{[%clk 0:00:35]} 53. Qc6 {[%clk 0:01:13]} Bd8 {[%clk 0:00:37]} 54. Bd4
{[%clk 0:01:37]} 1-0

[Event "WCO2014"]
[Site "Tromso"]
[Date "2014.08.12"]
[Round "10.18"]
[WhiteID "4500199"]
[White "Tsiganova Monika"]
[BlackID "1708830"]
[Black "Agrest Inna"]
[Result "1-0"]
[LiveChessVersion "1.4.3"]
[BlackElo "2235"]
[WhiteElo "2094"]

1. d4 {[%clk 1:30:57]} Nf6 {[%clk 1:30:53]} 2. Nf3 {[%clk 1:31:05]} g6
{[%clk 1:31:17]} 3. c4 {[%clk 1:31:13]} Bg7 {[%clk 1:31:43]} 4. Nc3
{[%clk 1:31:35]} d6 {[%clk 1:31:59]} 5. Bf4 {[%clk 1:28:31]} O-O {[%clk 1:31:40]}
6. h3 {[%clk 1:28:55]} Nfd7 {[%clk 1:28:36]} 7. e3 {[%clk 1:28:40]} e5
{[%clk 1:26:18]} 8. Bg3 {[%clk 1:28:36]} Nc6 {[%clk 1:20:51]} 9. Be2
{[%clk 1:28:15]} Re8 {[%clk 1:17:40]} 10. O-O {[%clk 1:27:41]} Nf8
{[%clk 0:49:45]} 11. a3 {[%clk 1:22:32]} exd4 {[%clk 0:43:08]} 12. exd4
{[%clk 1:20:04]} Ne7 {[%clk 0:43:09]} 13. d5 {[%clk 1:04:25]} Nf5
{[%clk 0:39:32]} 14. Bf4 {[%clk 1:02:40]} Nd7 {[%clk 0:34:51]} 15. Bg5
{[%clk 0:58:40]} f6 {[%clk 0:30:29]} 16. Bc1 {[%clk 0:50:53]} Ne5
{[%clk 0:25:44]} 17. Nh2 {[%clk 0:40:37]} c5 {[%clk 0:18:13]} 18. dxc6
{[%clk 0:38:27]} bxc6 {[%clk 0:18:19]} 19. Ng4 {[%clk 0:28:09]} Be6
{[%clk 0:15:30]} 20. b3 {[%clk 0:25:18]} a5 {[%clk 0:12:41]} 21. Re1
{[%clk 0:20:03]} Bf7 {[%clk 0:11:08]} 22. Bf4 {[%clk 0:17:00]} h5
{[%clk 0:07:37]} 23. Ne3 {[%clk 0:15:24]} Nxe3 {[%clk 0:07:14]} 24. Bxe3
{[%clk 0:15:45]} f5 {[%clk 0:06:27]} 25. Qd2 {[%clk 0:14:57]} Rb8
{[%clk 0:02:49]} 26. Rab1 {[%clk 0:15:06]} Rb7 {[%clk 0:02:59]} 27. Red1
{[%clk 0:14:56]} Qf6 {[%clk 0:00:52]} 28. Na4 {[%clk 0:14:34]} d5
{[%clk 0:00:41]} 29. Nc5 {[%clk 0:12:08]} Rbe7 {[%clk 0:00:44]} 30. Bg5
{[%clk 0:10:08]} Qd6 {[%clk 0:01:12]} 31. Bxe7 {[%clk 0:10:18]} Qxe7
{[%clk 0:01:14]} 32. Qxa5 {[%clk 0:09:55]} f4 {[%clk 0:01:06]} 33. Re1
{[%clk 0:07:54]} f3 {[%clk 0:01:08]} 34. Bf1 {[%clk 0:05:12]} Qg5
{[%clk 0:00:59]} 35. Re3 {[%clk 0:05:00]} d4 {[%clk 0:00:55]} 36. Ne4
{[%clk 0:05:08]} Qe7 {[%clk 0:00:41]} 37. Ree1 {[%clk 0:04:54]} d3
{[%clk 0:00:43]} 38. Qd2 {[%clk 0:05:11]} fxg2 {[%clk 0:00:39]} 39. Bxg2
{[%clk 0:05:28]} Qxa3 {[%clk 0:00:41]} 40. f4 {[%clk 0:03:12]} Nd7
{[%clk 0:00:58]} 41. Qxd3 {[%clk 0:02:55]} Nc5 {[%clk 0:30:01]} 42. Qd6
{[%clk 0:31:51]} Rxe4 {[%clk 0:29:27]} 43. Bxe4 {[%clk 0:31:09]} Qa7
{[%clk 0:27:58]} 44. Kh1 {[%clk 0:28:59]} Nxe4 {[%clk 0:19:49]} 45. Rxe4
{[%clk 0:29:20]} Qf2 {[%clk 0:19:18]} 46. Qd3 {[%clk 0:29:27]} c5
{[%clk 0:19:10]} 47. Rf1 {[%clk 0:28:10]} Qb2 {[%clk 0:19:12]} 48. Re7
{[%clk 0:21:41]} Bd4 {[%clk 0:19:16]} 49. Qf3 {[%clk 0:20:21]} Qc2
{[%clk 0:18:34]} 50. f5 {[%clk 0:18:55]} gxf5 {[%clk 0:18:34]} 51. Qa8+
{[%clk 0:18:34]} Kg7 {[%clk 0:18:54]} 52. Qb7 {[%clk 0:18:54]} 1-0

[Event "WCO2014"]
[Site "Tromso"]
[Date "2014.08.12"]
[Round "10.19"]
[WhiteID "1708481"]
[White "Frisk Ellinor"]
[BlackID "4502680"]
[Black "Narva Triin"]
[Result "1-0"]
[LiveChessVersion "1.4.3"]
[BlackElo "2068"]
[WhiteElo "2257"]

1. e4 {[%clk 1:30:58]} d5 {[%clk 1:30:52]} 2. exd5 {[%clk 1:31:24]} Qxd5
{[%clk 1:31:16]} 3. Nc3 {[%clk 1:31:52]} Qd6 {[%clk 1:31:39]} 4. d4
{[%clk 1:32:05]} Nf6 {[%clk 1:32:00]} 5. Nf3 {[%clk 1:32:21]} g6 {[%clk 1:32:17]}
6. Bc4 {[%clk 1:24:05]} Bg7 {[%clk 1:31:45]} 7. O-O {[%clk 1:23:56]} O-O
{[%clk 1:24:45]} 8. Nb5 {[%clk 1:19:07]} Qb6 {[%clk 1:18:25]} 9. Bf4
{[%clk 1:10:40]} Na6 {[%clk 1:13:50]} 10. Qd2 {[%clk 1:01:34]} Ne4
{[%clk 0:56:17]} 11. Qe3 {[%clk 0:59:12]} Nd6 {[%clk 0:56:07]} 12. Nxd6
{[%clk 0:59:07]} exd6 {[%clk 0:55:57]} 13. Bb3 {[%clk 0:53:01]} Bg4
{[%clk 0:53:22]} 14. c3 {[%clk 0:52:59]} Rae8 {[%clk 0:51:17]} 15. Qd3
{[%clk 0:51:55]} Qc6 {[%clk 0:45:18]} 16. Rae1 {[%clk 0:48:39]} Bxf3
{[%clk 0:37:54]} 17. Qxf3 {[%clk 0:48:50]} Qxf3 {[%clk 0:32:52]} 18. gxf3
{[%clk 0:49:18]} b5 {[%clk 0:31:15]} 19. Re3 {[%clk 0:45:38]} Rxe3
{[%clk 0:24:49]} 20. fxe3 {[%clk 0:45:53]} Re8 {[%clk 0:24:46]} 21. Kf2
{[%clk 0:45:41]} Bf6 {[%clk 0:24:32]} 22. Bd5 {[%clk 0:41:11]} Nb8
{[%clk 0:22:44]} 23. b4 {[%clk 0:37:22]} Bh4+ {[%clk 0:21:13]} 24. Ke2
{[%clk 0:37:01]} Kg7 {[%clk 0:18:47]} 25. h3 {[%clk 0:34:35]} Re7
{[%clk 0:10:20]} 26. Ra1 {[%clk 0:33:59]} Nd7 {[%clk 0:08:54]} 27. Bb3
{[%clk 0:28:18]} Nb6 {[%clk 0:08:14]} 28. Kd3 {[%clk 0:28:15]} g5
{[%clk 0:04:28]} 29. Bh2 {[%clk 0:28:04]} Bf2 {[%clk 0:04:38]} 30. e4
{[%clk 0:28:17]} f5 {[%clk 0:00:42]} 31. Rf1 {[%clk 0:22:11]} fxe4+
{[%clk 0:00:37]} 32. fxe4 {[%clk 0:22:40]} Bh4 {[%clk 0:01:05]} 33. e5
{[%clk 0:17:47]} d5 {[%clk 0:01:00]} 34. Bd1 {[%clk 0:17:38]} Nc4
{[%clk 0:00:42]} 35. Bg4 {[%clk 0:15:34]} Nb2+ {[%clk 0:00:46]} 36. Ke2
{[%clk 0:11:11]} Na4 {[%clk 0:00:38]} 37. Kd2 {[%clk 0:10:56]} Nb6
{[%clk 0:00:40]} 38. Rf6 {[%clk 0:09:51]} Nc4+ {[%clk 0:00:41]} 39. Ke2
{[%clk 0:07:17]} Nd6 {[%clk 0:00:34]} 40. Re6 {[%clk 0:03:42]} Rxe6
{[%clk 0:00:33]} 41. Bxe6 {[%clk 0:04:05]} Ne4 {[%clk 0:30:48]} 42. Kd3
{[%clk 0:34:01]} c6 {[%clk 0:30:04]} 43. Bd7 {[%clk 0:33:18]} Be1
{[%clk 0:26:57]} 44. Bxc6 {[%clk 0:27:59]} Nxc3 {[%clk 0:25:09]} 45. Bg3
{[%clk 0:24:57]} Bxg3 {[%clk 0:24:10]} 46. Kxc3 {[%clk 0:25:23]} Be1+
{[%clk 0:23:48]} 47. Kd3 {[%clk 0:25:33]} Bxb4 {[%clk 0:23:43]} 48. Bxd5
{[%clk 0:25:41]} Be1 {[%clk 0:19:09]} 49. Bc6 {[%clk 0:25:42]} b4
{[%clk 0:17:03]} 50. d5 {[%clk 0:23:34]} b3 {[%clk 0:11:58]} 51. axb3
{[%clk 0:23:38]} Kf7 {[%clk 0:11:28]} 52. Ke4 {[%clk 0:23:25]} Bb4
{[%clk 0:05:20]} 53. Kf5 {[%clk 0:23:11]} Ke7 {[%clk 0:01:20]} 54. Kxg5
{[%clk 0:23:08]} Bd2+ {[%clk 0:01:30]} 55. Kf5 {[%clk 0:23:15]} Bb4
{[%clk 0:01:49]} 56. Ba4 {[%clk 0:22:43]} Bc5 {[%clk 0:01:05]} 57. d6+
{[%clk 0:22:17]} Kd8 {[%clk 0:00:49]} 58. Ke6 {[%clk 0:22:17]} h5
{[%clk 0:00:36]} 59. Kd5 {[%clk 0:22:31]} Bf2 {[%clk 0:00:32]} 60. e6
{[%clk 0:22:43]} 1-0

[Event "WCO2014"]
[Site "Tromso"]
[Date "2014.08.12"]
[Round "10.20"]
[WhiteID "4500237"]
[White "Narva Regina"]
[BlackID "1705385"]
[Black "Horn Emilia"]
[Result "1/2-1/2"]
[LiveChessVersion "1.4.3"]
[BlackElo "2000"]
[WhiteElo "1999"]

1. e4 {[%clk 1:30:45]} e5 {[%clk 1:30:50]} 2. Nf3 {[%clk 1:30:26]} Nc6
{[%clk 1:31:11]} 3. Bb5 {[%clk 1:29:42]} Nge7 {[%clk 1:29:12]} 4. O-O
{[%clk 1:26:40]} g6 {[%clk 1:24:52]} 5. d3 {[%clk 1:23:58]} Bg7 {[%clk 1:23:45]}
6. a3 {[%clk 1:23:05]} O-O {[%clk 1:19:06]} 7. Nc3 {[%clk 1:20:24]} a6
{[%clk 1:09:16]} 8. Ba4 {[%clk 1:18:19]} d6 {[%clk 1:05:59]} 9. Bb3
{[%clk 1:06:38]} Bg4 {[%clk 0:59:08]} 10. Be3 {[%clk 1:05:34]} Nd4
{[%clk 0:55:47]} 11. Bxd4 {[%clk 1:05:15]} exd4 {[%clk 0:56:15]} 12. Nd5
{[%clk 1:04:37]} Nxd5 {[%clk 0:54:27]} 13. exd5 {[%clk 1:01:49]} Qf6
{[%clk 0:51:44]} 14. h3 {[%clk 1:00:18]} Bxf3 {[%clk 0:51:51]} 15. Qxf3
{[%clk 0:55:38]} Qxf3 {[%clk 0:50:59]} 16. gxf3 {[%clk 0:56:03]} Rfe8
{[%clk 0:49:47]} 17. Rfe1 {[%clk 0:50:29]} Be5 {[%clk 0:41:15]} 18. Kg2
{[%clk 0:37:58]} Kf8 {[%clk 0:37:26]} 19. Re2 {[%clk 0:31:15]} Re7
{[%clk 0:35:16]} 20. Rae1 {[%clk 0:24:42]} Rae8 {[%clk 0:35:00]} 21. Ba4
{[%clk 0:21:44]} b5 {[%clk 0:33:04]} 22. Bb3 {[%clk 0:22:09]} Bf4
{[%clk 0:33:07]} 23. Rxe7 {[%clk 0:20:59]} Rxe7 {[%clk 0:33:36]} 24. Ra1
{[%clk 0:20:31]} a5 {[%clk 0:27:56]} 25. a4 {[%clk 0:15:45]} b4 {[%clk 0:27:12]}
26. Kf1 {[%clk 0:15:14]} Re5 {[%clk 0:23:46]} 27. Bc4 {[%clk 0:13:34]} Rh5
{[%clk 0:21:59]} 28. Kg2 {[%clk 0:13:26]} Rg5+ {[%clk 0:22:17]} 29. Kf1
{[%clk 0:13:28]} Bh2 {[%clk 0:21:59]} 30. Re1 {[%clk 0:12:35]} Rg1+
{[%clk 0:14:12]} 31. Ke2 {[%clk 0:12:58]} Rg2 {[%clk 0:13:32]} 32. f4
{[%clk 0:07:01]} Rg1 {[%clk 0:07:10]} 33. Rxg1 {[%clk 0:07:15]} Bxg1
{[%clk 0:07:39]} 34. Kf3 {[%clk 0:07:35]} Bh2 {[%clk 0:07:46]} 35. Bb5
{[%clk 0:07:09]} Ke7 {[%clk 0:07:24]} 36. b3 {[%clk 0:07:14]} f5 {[%clk 0:05:36]}
37. Bc6 {[%clk 0:07:19]} h6 {[%clk 0:04:16]} 38. h4 {[%clk 0:06:22]} Kf6
{[%clk 0:04:09]} 39. Bd7 {[%clk 0:06:19]} g5 {[%clk 0:03:42]} 40. fxg5+
{[%clk 0:04:27]} hxg5 {[%clk 0:04:10]} 41. hxg5+ {[%clk 0:04:39]} Kxg5
{[%clk 0:04:28]} 42. Bc8 {[%clk 0:03:47]} Kf6 {[%clk 0:02:56]} 43. Bd7
{[%clk 0:03:46]} Ke5 {[%clk 0:29:41]} 44. Bc6 {[%clk 0:34:48]} Bf4
{[%clk 0:27:54]} 45. Bb7 {[%clk 0:34:51]} Bd2 {[%clk 0:25:29]} 1/2-1/2

[Event "WCO2014"]
[Site "Tromso"]
[Date "2014.08.12"]
[Round "10.15"]
[WhiteID "13401823"]
[White "Isgandarova Khayala"]
[BlackID "7400691"]
[Black "Smith Melisha"]
[Result "1-0"]
[LiveChessVersion "1.4.3"]
[BlackElo "1747"]
[WhiteElo "2190"]

1. e4 {[%clk 1:30:58]} c5 {[%clk 1:30:52]} 2. Nf3 {[%clk 1:31:22]} e6
{[%clk 1:31:13]} 3. d4 {[%clk 1:31:36]} cxd4 {[%clk 1:31:32]} 4. Nxd4
{[%clk 1:32:03]} Nc6 {[%clk 1:31:50]} 5. Nc3 {[%clk 1:32:21]} a6 {[%clk 1:32:13]}
6. Nxc6 {[%clk 1:32:46]} bxc6 {[%clk 1:32:11]} 7. Bd3 {[%clk 1:33:01]} Qc7
{[%clk 1:31:32]} 8. O-O {[%clk 1:32:45]} d5 {[%clk 1:31:09]} 9. f4
{[%clk 1:31:47]} Bc5+ {[%clk 1:29:42]} 10. Kh1 {[%clk 1:32:08]} dxe4
{[%clk 1:20:26]} 11. Nxe4 {[%clk 1:32:22]} Be7 {[%clk 1:19:40]} 12. b3
{[%clk 1:28:23]} Nf6 {[%clk 1:13:08]} 13. Bb2 {[%clk 1:28:09]} Qd8
{[%clk 1:13:04]} 14. Qf3 {[%clk 1:27:44]} Bb7 {[%clk 1:00:21]} 15. Rad1
{[%clk 1:27:47]} Qb6 {[%clk 0:47:00]} 16. Qg3 {[%clk 1:22:14]} c5
{[%clk 0:40:24]} 17. Qxg7 {[%clk 1:20:24]} O-O-O {[%clk 0:34:45]} 18. Bxf6
{[%clk 1:19:36]} Rhg8 {[%clk 0:24:15]} 19. Qxf7 {[%clk 1:19:44]} Bxf6
{[%clk 0:24:13]} 20. Qxf6 {[%clk 1:19:59]} Rg6 {[%clk 0:22:09]} 21. Qe5
{[%clk 1:20:00]} Rd5 {[%clk 0:18:41]} 22. Qh8+ {[%clk 1:20:07]} Rd8
{[%clk 0:18:34]} 23. Qxh7 {[%clk 1:20:01]} Rg4 {[%clk 0:15:15]} 24. h3
{[%clk 1:18:23]} Rgg8 {[%clk 0:10:01]} 25. f5 {[%clk 1:18:24]} c4
{[%clk 0:07:44]} 26. bxc4 {[%clk 1:09:42]} Kb8 {[%clk 0:01:39]} 27. Rb1
{[%clk 1:09:34]} 1-0